Estatísticas para Países que ganharam independência de Portugal

Clique aqui para jogar o quiz

Estatísticas Gerais

  • Esse quiz foi jogado 234 vezes
  • A pontuação média é 5 de 6

Estatísticas das Respostas

Resposta% Correto
Brasil
99%
Angola
98%
Moçambique
96%
Cabo Verde
83%
São Tomé & Príncipe
75%
Guiné-Bissau
74%

Distribuição das Pontuações

Percentil de Números Respondidos

Porcentagem de Pessoas com Cada Pontuação

Sua Pontuação Histórica

Você não jogou esse quiz